| 000 | 00554nam a22001817a 4500 | ||
|---|---|---|---|
| 005 | 20140310183645.0 | ||
| 008 | 140108b xxu||||| |||| 00| 0 eng d | ||
| 020 | _a0764105949 | ||
| 050 |
_aPE 1115 _b.G38 1998 |
||
| 100 | _aGeffner, Andrea B. | ||
| 245 | _aBarron's ESL guide to American business english / | ||
| 300 |
_a338 p. : _bill. ; _c26 cm. |
||
| 650 |
_a1. English language _vBusiness english |
||
| 650 |
_a 2. English langauge _vtextbook for foreign students |
||
| 650 | _a3. Business writing | ||
| 942 |
_2lcc _cBK _kFOR |
||
| 999 |
_c25925 _d25925 |
||